ARRUPE JESUIT UNIVERSITY

CORONAVIRUS -STOP THE SPREAD - CLEAN,DISINFECT,COVER

Moore's Principia ethica (Record no. 5859)

MARC details
000 -LEADER
fixed length control field 00424nam a2200193Ia 4500
003 - CONTROL NUMBER IDENTIFIER
control field 0100
008 - FIXED-LENGTH DATA ELEMENTS--GENERAL INFORMATION
fixed length control field 130227s9999 xx 000 0 und d
040 ## - CATALOGING SOURCE
Transcribing agency ARRUPELIB
050 ## - LIBRARY OF CONGRESS CALL NUMBER
Classification number B1647.M74D184
100 ## - MAIN ENTRY--PERSONAL NAME
Personal name Daniel,David MIlls
245 ## - TITLE STATEMENT
Title Moore's Principia ethica
260 ## - PUBLICATION, DISTRIBUTION, ETC. (IMPRINT)
Place of publication, distribution, etc London
260 ## - PUBLICATION, DISTRIBUTION, ETC. (IMPRINT)
Name of publisher, distributor, etc SCM Press
260 ## - PUBLICATION, DISTRIBUTION, ETC. (IMPRINT)
-- 2007
300 ## - PHYSICAL DESCRIPTION
Extent viii
300 ## - PHYSICAL DESCRIPTION
Other physical details 120p. 20cm.
440 ## - SERIES STATEMENT/ADDED ENTRY--TITLE
Title BRIEFLY
942 ## - ADDED ENTRY ELEMENTS (KOHA)
Source of classification or shelving scheme Library of Congress Classification
Koha issues (borrowed), all copies 1
Holdings
Withdrawn status Lost status Source of classification or shelving scheme Damaged status Not for loan Collection code Home library Current library Shelving location Date acquired Total Checkouts Full call number Barcode Date last seen Copy number Price effective from Koha item type Date last borrowed
    Library of Congress Classification     Main Collection ARRUPE LIBRARY ARRUPE LIBRARY   27/02/2013   B1647.M74D184 46407919 27/02/2013 1 27/02/2013 Monograph ( Printed materials)  
    Library of Congress Classification     Main Collection ARRUPE LIBRARY ARRUPE LIBRARY   27/02/2013 1 B1647.M74D184 46407920 05/03/2015 2 27/02/2013 Monograph ( Printed materials) 03/03/2015

 

Arrupe Library. PO Box MP320 Mt Pleasant, Harare, Zimbabwe
263 242 745411|librarian@aju.ac.zw